| 000 | 00936cam a2200277 4500 | ||
|---|---|---|---|
| 001 | J117077 | ||
| 008 | 020311n2002 000 0 eng u | ||
| 035 | _a(Sirsi) u117077 | ||
| 050 |
_a692.8 _c18 |
||
| 110 |
_aJoint Contracts Tribunal _93664 |
||
| 245 | _aFluctuations : fluctuation clauses for use with the trade contract (TC/C) | ||
| 260 |
_aLondon _bRIBA _c2002 |
||
| 300 |
_a16p. _c30cm. |
||
| 350 | _a8 | ||
| 490 | _aJCT Construction Management Documentation | ||
| 490 | _aJCT Standard Form of Trade Contract 2002 Edition | ||
| 650 | _aCM02 | ||
| 650 | _aBUILT ENVIRONMENT-BUILDING CONTRACT FORMS | ||
| 650 | _aFLUCTUATION CLAUSES | ||
| 650 | _aFLUCTUATIONS | ||
| 650 | _aBUILT ENVIRONMENT-BUILDING CONTRACT FORMS-STANDARD FORMS OF BUILDING CONTRACT-JOINT CONTRACTS TRIBNUAL CONTRACTS | ||
| 650 | _aTRADE CONTRACTS | ||
| 650 | _aTC/C 2002 | ||
| 690 | _aBUILT ENVIRONMENT-BUILDING CONTRACT FORMS | ||
| 942 | _n0 | ||
| 999 |
_c101938 _d101938 |
||